{"text_format":"3","workbook":"xlsx","n_sheets":5,"sheets":["(4)D.3单位工程投标报价汇总表","(3)E.1分部分项工程量清单计价表","(2)附录F措施项目清单与计价表","(1)附录G不可竞争项目清单与计价表","Sheet1"],"read":"whole","date_system":"1900"}

{"sheet":"(4)D.3单位工程投标报价汇总表","index":0,"n_rows":23,"n_cols":4,"rows_kept":23}
[]
[null,null,"D.3 单位工程投标报价汇总表"]
[]
[]
["工程名称：城区桥梁水毁修复提升工程劳务",null,"                标段：","第1页 共1页"]
["序号","汇总内容","金额（元）","其中：材料、设备暂估价（元）"]
["1","分部分项工程项目费",372953.37]
["1.1","  定额人工费",67559.66]
["1.2","  定额机械费",5174.28]
["1.3","  综合费",16722.42]
["2","措施项目费",2763.89]
["3","不可竞争费",16990.65]
["3.1","  安全文明施工费",16990.65]
["3.3","  环境保护税",0]
["4","其他项目",0]
["4.1","  暂列金额",0]
["4.2","  专业工程暂估价",0]
["4.3","  计日工",0]
["4.4","  总承包服务费",0]
["5","税金",0]
["6","工程造价",392707.91]
["7","发包价",355400.66]
[{"$nulls":3},"测评合格编号：2018JS-05【神机造价软件V60安徽版】"]

{"sheet":"(3)E.1分部分项工程量清单计价表","index":1,"n_rows":192,"n_cols":11,"rows_kept":192,"merged":[[5,0,6,0],[5,1,8,1],[5,2,8,2],[5,3,8,3],[5,5,8,5],[5,6,5,10],[6,6,8,6],[6,7,8,7],[6,8,6,10],[7,0,8,0],[7,10,8,10]]}
[]
[{"$nulls":5},"E.1 分部分项工程量清单计价表"]
[]
[]
["工程名称：城区桥梁水毁修复提升工程劳务",{"$nulls":4},"                标段：",{"$nulls":4},"第25页 共25页"]
["序","项目编码","项目名称","项目特征描述","计","工程量","金额（元）"]
[{"$nulls":4},"量",null,"综合单价","合价","其中"]
["号",{"$nulls":3},"单",{"$nulls":3},"定额","定额","暂估价"]
[{"$nulls":4},"位",{"$nulls":3},"人工费","机械费"]
[null,null,"1、淠河路跨南环城河桥(老袁饭店门前桥)",{"$nulls":4},3587.92,721.53]
["1","补","桥梁伸缩缝清理","1、清理缝内泥沙及石子","m",18,9.64,173.52]
["2","040309007002","沥青玛蹄脂嵌缝","1.沥青玛蹄脂嵌缝\r\n2.具体详见图纸","m",18,38.67,696.06,510.12]
["3","补","泄水孔清理","1.泄水孔清理","项",1,192.76,192.76]
["4","011503001001","金属栏杆","1.金属栏杆\r\n2.具体详见图纸","m",27,83,2241]
["5","011609001001","栏杆、栏板拆除","1.原栏杆拆除","m",27,10.54,284.58,211.41]
[null,null,"2、保安路跨淠源渠桥",{"$nulls":4},7134.47,1158.56,29.95]
["6","040303002001","栏杆基础","1.混凝土基础\r\n2.具体详见图纸，符合业主要求","m3",4.305,25.11,108.1,74.82]
["7","WB040303028001","基础模板","1.基础模板\r\n2.复合木模板","m2",28.7,31.38,900.61,330.62]
["8","WB040303048001","现浇构件钢筋","1.现浇构件钢筋\r\n2.含打孔","t",0.251,2575.96,646.31,211.96,23.02]
["9","WB011406001001","外墙真石漆","1.外墙真石漆\r\n2.栏杆基础处\r\n3.具体详见图纸，符合业主要求","m2",26.65,61.7,1644.31,220.13,6.93]
["10","011503001001","金属栏杆","1.金属栏杆\r\n2.具体详见图纸","m",41,83,3403]
["11","011609001001","栏杆、栏板拆除","1.原栏杆拆除","m",41,10.54,432.14,321.03]
[null,null,"3、河口桥",{"$nulls":4},7160.8,1853.28,220.88]
["12","补","桥梁伸缩缝清理","1、清理缝内泥沙及石子","m",44,9.64,424.16]
["13","040309007002","沥青玛蹄脂嵌缝","1.沥青玛蹄脂嵌缝\r\n2.具体详见图纸","m",44,38.67,1701.48,1246.96]
["14","补","泄水孔清理","1.泄水孔清理","项",1,192.76,192.76]
["15","011602001001","伸缩缝维修","1、伸缩装置与桥梁接缝处出现碎边\r\n2、两边凿除现伸缩缝预留槽\r\n3、采用C50钢纤维混凝土浇筑\r\n4、具体详见图纸","m",44,88.15,3878.6,606.32,220.88]
["16","补","梁底局部混凝土受损脱落处维修","上部梁板第一跨和第二跨梁底局部混凝土受损脱落,应做如下处理:\r\n1,凿除松动石子。\r\n2,对外露锈蚀氧化的钢筋进行彻底的打磨和除锈清理,使其钢筋露出金属本色,从而避免防腐及封闭处理后钢筋内部继续发生氧化。\r\n3,对板底外露钢筋的部位用环氧胶泥进行批抹等特殊处理。\r\n4,在环氧树脂内加入适当的固化剂进行调配(环氧树脂溶于二甲苯、丁醇、乙二胺溶液调配均匀),并加入一定的颜料。\r\n5,整体防腐及封闭加固处理:板底外露钢筋与整体面积同时涂刷四道环氧树脂进行防腐及加固。\r\n6,为保证环氧树脂的附着力及耐韧性,应及时涂刷调配好的环氧树脂。注意事项下:\r\n6-1)调配好的环氧树脂应在6h内用完,否则会引起固化。\r\n6-2)为保证施工质量,环氧树脂涂刷第一遍后,应间隔6h方可进行第二遍的涂刷工序,第二遍与第三遍涂刷的间隔时间应在8h以上,第三遍与第四遍的间隔时间应在12h以上,否则会影响环氧树脂的性能。\r\n6-3)环氧树脂在涂刷过程中,必须做到不起泡,无漏刷,且调配均匀合理。\r\n7,如果钢筋锈蚀严重必须请设计人员到现场看后,再做处理。\r\n8,处理后用白水泥粉白。","项",1,963.8,963.8]
[null,null,"4、花园路跨幽芳河桥",{"$nulls":4},2666.23,1451.01]
["17","补","桥梁伸缩缝清理","1、清理缝内泥沙及石子","m",51.2,9.64,493.57]
["18","040309007002","沥青玛蹄脂嵌缝","1.沥青玛蹄脂嵌缝\r\n2.具体详见图纸","m",51.2,38.67,1979.9,1451.01]
["19","补","泄水孔清理","1.泄水孔清理","项",1,192.76,192.76]
[null,null,"5、花园南路跨淠源渠桥",{"$nulls":4},12714.74,2156.55,257.02]
["20","040309007001","桥梁伸缩缝","1.加桥梁伸缩缝\r\n2.具体详见图纸","m",51.2,156.42,8008.7,1451.01]
["21","011602001001","伸缩缝边混凝土","1、伸缩装置与桥梁接缝\r\n2、两边凿除现伸缩缝预留槽\r\n3、采用C50钢纤维混凝土浇筑\r\n4、具体详见图纸","m",51.2,88.15,4513.28,705.54,257.02]
["22","补","泄水孔清理","1.泄水孔清理","项",1,192.76,192.76]
[null,null,"6、惠民路跨淠源渠桥",{"$nulls":4},2531.26,195.75]
["23","补","泄水孔清理","1.泄水孔清理","项",1,192.76,192.76]
["24","011503001001","金属栏杆","1.金属栏杆\r\n2.具体详见图纸","m",25,83,2075]
["25","011609001001","栏杆、栏板拆除","1.原栏杆拆除","m",25,10.54,263.5,195.75]
[null,null,"7、南潭路跨南环城河桥",{"$nulls":4},4838.92,701.84]
["26","补","桥梁伸缩缝清理","1、清理缝内泥沙及石子","m",16.2,9.64,156.17]
["27","040309007002","沥青玛蹄脂嵌缝","1.沥青玛蹄脂嵌缝\r\n2.具体详见图纸","m",16.2,38.67,626.45,459.11]
["28","补","泄水孔清理","1.泄水孔清理","项",1,192.76,192.76]
["29","011503001001","金属栏杆","1.金属栏杆\r\n2.具体详见图纸","m",31,83,2573]
["30","011609001001","栏杆、栏板拆除","1.原栏杆拆除","m",31,10.54,326.74,242.73]
["31","补","0#桥台盖梁露筋锈蚀现象处理","0#桥台盖梁出现露筋锈蚀现象,应做如下处理\r\n1,凿除松动石子。\r\n2,对外露锈蚀氧化的钢筋进行彻底的打磨和除锈清理,使其钢筋露出金属本色,从而避免防腐及封闭处理后钢筋内部继续发生氧化。\r\n3,对板底外露钢筋的部位用环氧胶泥进行批抹等特殊处理。\r\n4,在环氧树脂内加入适当的固化剂进行调配(环氧树脂溶于二甲苯、丁醇、乙二胺溶液调配均匀),并加入一定的颜料。\r\n5,整体防腐及封闭加固处理:板底外露钢筋与整体面积同时涂刷四道环氧树脂进行防腐及加固。\r\n6,为保证环氧树脂的附着力及耐韧性,应及时涂刷调配好的环氧树脂。注意事项下:\r\n6-1)调配好的环氧树脂应在6h内用完,否则会引起固化。\r\n6-2)为保证施工质量,环氧树脂涂刷第一遍后,应间隔6h方可进行第二遍的涂刷工序,第二遍与第三遍涂刷的间隔时间应在8h以上,第三遍与第四遍的间隔时间应在12h以上,否则会影响环氧树脂的性能。\r\n6-3)环氧树脂在涂刷过程中,必须做到不起泡,无漏刷,且调配均匀合理。\r\n7,如果钢筋锈蚀严重必须请设计人员到现场看后,再做处理。\r\n8,处理后用白水泥粉白。","项",1,963.8,963.8]
[null,null,"8、潜台寺桥",{"$nulls":4},50956.25,10098,2904.39]
["32","补","桥梁伸缩缝清理","1、清理缝内泥沙及石子","m",52.96,9.64,510.53]
["33","040309007002","沥青玛蹄脂嵌缝","1.沥青玛蹄脂嵌缝\r\n2.具体详见图纸","m",52.96,38.67,2047.96,1500.89]
["34","补","泄水孔清理","1.泄水孔清理","项",1,192.76,192.76]
["35","011602001001","伸缩缝维修","1、伸缩装置与桥梁接缝处出现碎边\r\n2、两边凿除现伸缩缝预留槽\r\n3、采用C50钢纤维混凝土浇筑\r\n4、具体详见图纸","m",52.96,88.15,4668.42,729.79,265.86]
["36","011503001001","金属栏杆加高","1.金属栏杆加高","t",1.967,6122.81,12041.17,1551.56,33.1]
["37","WB010606020001","机械除锈","1.机械除锈","t",1.967,243.6,479.07,63.68,9.05]
["38","WB011405002001","金属构件油漆","1.金属构件油漆","t",1.967,585.1,1150.66,573.17]
["39","040203007001","原路面及基层拆除","1.原路面及基层拆除","m2",162,18.8,3045.6,955.8,1427.22]
["40","040101001001","挖一般土方","1.挖一般土方","m3",48.6,2.97,144.34,11.18,92.83]
["41","040103001001","回填方","1.回填方\r\n2.填土夯实\r\n3.符合设计要求","m3",48.6,3.05,148.23,11.66,90.4]
["42","WB040204009001","人行道混凝土垫层","1.人行道混凝土垫层","m3",48.6,134.92,6557.11,4344.35,462.67]
["43","WB040202025001","贴防裂贴","1.贴防裂贴","m2",6,22.52,135.12,1.14]
["44","040203003001","粘层","1.粘层\r\n2.乳化沥青PC-3,用量0.5L/m2","m2",162,2,324,16.2,61.56]
["45","040201021001","聚酯玻纤布(满铺)","1.聚酯玻纤布(满铺)","m2",162,4.51,730.62,220.32]
["46","040203006001","中粒式沥青混凝土面层AC-20C","1.中粒式沥青混凝土面层AC-20C\r\n2.厚度：7cm","m2",162,70.18,11369.16,64.8,251.1]
["47","040203003001","粘层","1.粘层\r\n2.乳化沥青PC-3,用量为0.3~0.6L/m2","m2",162,2,324,16.2,61.56]
["48","040203006002","细粒式沥青砼(SBS改性沥青)混凝土路面AC-10C","1.细粒式沥青砼(SBS改性沥青)混凝土路面AC-10C\r\n2.厚度：4cm","m2",162,43.75,7087.5,37.26,149.04]
[null,null,"9、南岳东路跨淠源渠支渠桥",{"$nulls":4},19899,11045.4,277.45]
["49","011503001001","金属栏杆","1.金属栏杆\r\n2.具体详见图纸","m",18,83,1494]
["50","011609001001","栏杆、栏板拆除","1、原栏杆拆除","m",18,10.54,189.72,140.94]
["51","040303002001","栏杆基础","1.混凝土基础\r\n2.具体详见图纸，符合业主要求","m3",1.89,25.11,47.46,32.85]
["52","WB040303028001","基础模板","1.基础模板\r\n2.复合木模板","m2",12.6,31.38,395.39,145.15]
["53","WB040303048001","现浇构件钢筋","1.现浇构件钢筋\r\n2.含打孔","t",0.11,2575.98,283.75,93.06,10.11]
["54","WB011406001001","外墙真石漆","1.外墙真石漆\r\n2.栏杆基础处\r\n3.具体详见图纸，符合业主要求","m2",11.7,61.7,721.89,96.64,3.04]
["55","补","桥梁伸缩缝清理","1、清理缝内泥沙及石子","m",36,9.64,347.04]
["56","040309007002","沥青玛蹄脂嵌缝","1.沥青玛蹄脂嵌缝\r\n2.具体详见图纸","m",36,38.67,1392.12,1020.24]
["57","040303015003","混凝土挡土墙墙身","1.桥台台身出现水平裂缝,用钢筋混凝土加固\r\n2.具体详见图纸","m3",52.38,106.79,5593.66,4012.83]
["58","040303015003","现浇混凝土挡土墙模板","1.复合木模板","m3",154.8,33.47,5181.16,2891.66]
["59","WB040303048003","现浇构件钢筋","1.现浇构件钢筋\r\n2.含打孔","t",3.06,1389.75,4252.81,2612.03,264.3]
[null,null,"10、纬六路与霍山大道交口桥",{"$nulls":4},192.76]
["60","补","泄水孔清理","1.泄水孔清理","项",1,192.76,192.76]
[null,null,"11、迎驾大道跨幽芳河桥(二中门前桥)",{"$nulls":4},26216.91,11774.22,90.36]
["61","WB040307016001","原桥栏杆接长","1、桥两端有悬空\r\n2、参照现状样式接长\r\n3、现状云板改到护栏末端处\r\n4、具体详见图纸","m",2.2,192.76,424.07]
["62","补","泄水孔清理","1.泄水孔清理","项",1,192.76,192.76]
["63","040309007001","桥梁伸缩缝","1.加桥梁伸缩缝\r\n2.具体详见图纸","m",50,156.42,7821,1417]
["64","011602001001","伸缩缝边混凝土","1、伸缩装置与桥梁接缝\r\n2、两边凿除现伸缩缝预留槽\r\n3、采用C50钢纤维混凝土浇筑\r\n4、具体详见图纸","m",18,88.15,1586.7,248.04,90.36]
["65","补","桥台及桥墩混凝土剥落、露筋锈蚀现象处理","桥台及桥墩出现混凝土剥落、露筋锈蚀现象,修补做法如下:\r\n1,凿除松动石子。\r\n2,对外露锈蚀氧化的钢筋进行彻底的打磨和除锈清理,使其钢筋露出金属本色,从而避免防腐及封闭处理后钢筋内部继续发生氧化。\r\n3,对板底外露钢筋的部位用环氧胶泥进行批抹等特殊处理。\r\n4,在环氧树脂内加入适当的固化剂进行调配(环氧树脂溶于二甲苯、丁醇、乙二胺溶液调配均匀),并加入一定的颜料。\r\n5,整体防腐及封闭加固处理:板底外露钢筋与整体面积同时涂刷四道环氧树脂进行防腐及加固。\r\n6,为保证环氧树脂的附着力及耐韧性,应及时涂刷调配好的环氧树脂。注意事项下:\r\n6-1)调配好的环氧树脂应在6h内用完,否则会引起固化。\r\n6-2)为保证施工质量,环氧树脂涂刷第一遍后,应间隔6h方可进行第二遍的涂刷工序,第二遍与第三遍涂刷的间隔时间应在8h以上,第三遍与第四遍的间隔时间应在12h以上,否则会影响环氧树脂的性能。\r\n6-3)环氧树脂在涂刷过程中,必须做到不起泡,无漏刷,且调配均匀合理。\r\n7,如果钢筋锈蚀严重必须请设计人员到现场看后,再做处理。\r\n8,处理后用白水泥粉白。","项",1,963.8,963.8]
["66","040303015001","混凝土挡土墙墙身","1.混凝土挡土墙墙身\r\n2.砼强度：C20\r\n3.具体详见图纸","m3",94.65,106.79,10107.67,7251.14]
["67","040303015001","现浇混凝土挡土墙模板","1.现浇混凝土挡土墙模板","m2",153,33.47,5120.91,2858.04]
[null,null,"12、衡山北路跨北环城河桥",{"$nulls":4},18594.19,6356.75,237.2]
["68","011503001001","金属栏杆","1.金属栏杆\r\n2.具体详见图纸","m",39.8,83,3303.4]
["69","011609001001","栏杆、栏板拆除","1、原栏杆拆除","m",39.8,10.54,419.49,311.63]
["70","补","泄水孔清理","1.泄水孔清理","项",1,192.76,192.76]
["71","040309007001","桥梁伸缩缝","1.加桥梁伸缩缝\r\n2.具体详见图纸","m",18,156.42,2815.56,510.12]
["72","011602001001","伸缩缝边混凝土","1、伸缩装置与桥梁接缝\r\n2、两边凿除现伸缩缝预留槽\r\n3、采用C50钢纤维混凝土浇筑\r\n4、具体详见图纸","m",18,88.15,1586.7,248.04,90.36]
["73","补","剥离现象严重处理","上部梁底出现大面积露筋、钢筋锈蚀、混凝土剥离现象严重影响桥梁结构安全。修补做法如下:\r\n1,凿除松动石子。\r\n2,对外露锈蚀氧化的钢筋进行彻底的打磨和除锈清理,使其钢筋露出金属本色,从而避免防腐及封闭处理后钢筋内部继续发生氧化。\r\n3,对板底外露钢筋的部位用环氧胶泥进行批抹等特殊处理。\r\n4,在环氧树脂内加入适当的固化剂进行调配(环氧树脂溶于二甲苯、丁醇、乙二胺溶液调配均匀),并加入一定的颜料。\r\n5,整体防腐及封闭加固处理:板底外露钢筋与整体面积同时涂刷四道环氧树脂进行防腐及加固。\r\n6,为保证环氧树脂的附着力及耐韧性,应及时涂刷调配好的环氧树脂。注意事项下:\r\n6-1)调配好的环氧树脂应在6h内用完,否则会引起固化。\r\n6-2)为保证施工质量,环氧树脂涂刷第一遍后,应间隔6h方可进行第二遍的涂刷工序,第二遍与第三遍涂刷的间隔时间应在8h以上,第三遍与第四遍的间隔时间应在12h以上,否则会影响环氧树脂的性能。\r\n6-3)环氧树脂在涂刷过程中,必须做到不起泡,无漏刷,且调配均匀合理。\r\n7,如果钢筋锈蚀严重必须请设计人员到现场看后,再做处理。\r\n8,处理后用白水泥粉白。\r\n9,钢筋锈蚀严重处应用炭纤维加固面积20平方米。","项",1,1927.6,1927.6]
["74","040303015003","混凝土挡土墙墙身","1.混凝土挡土墙墙身\r\n2.具体详见图纸","m3",29.1,106.79,3107.59,2229.35]
["75","040303015003","现浇混凝土挡土墙模板","1.现浇混凝土挡土墙模板\r\n2.复合木模板","m3",86,33.47,2878.42,1606.48]
["76","WB040303048003","现浇构件钢筋","1.现浇构件钢筋\r\n2.含打孔","t",1.7,1389.75,2362.67,1451.13,146.84]
[null,null,"13、中兴路跨南环城河桥(老交通局桥)",{"$nulls":4},22076.99,1718.93,115.2]
["77","011503001001","金属栏杆","1.金属栏杆\r\n2.具体详见图纸","m",34,83,2822]
["78","011609001001","栏杆、栏板拆除","1、原栏杆拆除","m",34,10.54,358.36,266.22]
["79","040303002001","栏杆基础","1.混凝土基础\r\n2.具体详见图纸，符合业主要求","m3",3.57,25.11,89.64,62.05]
["80","WB040303028001","基础模板","1.基础模板\r\n2.复合木模板","m2",23.8,31.38,746.84,274.18]
["81","WB040303048001","现浇构件钢筋","1.现浇构件钢筋\r\n2.含打孔","t",0.208,2575.97,535.96,175.77,19.09]
["82","WB011406001001","外墙真石漆","1.外墙真石漆\r\n2.栏杆基础处\r\n3.具体详见图纸，符合业主要求","m2",22.1,61.7,1363.57,182.55,5.75]
["83","补","泄水孔清理","1.泄水孔清理","项",1,192.76,192.76]
["84","040309007001","桥梁伸缩缝","1.加桥梁伸缩缝\r\n2.具体详见图纸","m",18,156.42,2815.56,510.12]
["85","011602001001","伸缩缝边混凝土","1、伸缩装置与桥梁接缝\r\n2、两边凿除现伸缩缝预留槽\r\n3、采用C50钢纤维混凝土浇筑\r\n4、具体详见图纸","m",18,88.15,1586.7,248.04,90.36]
["86","补","剥离现象严重处理","上部梁底出现大面积露筋、钢筋锈蚀、混凝土剥离现象严重影响桥梁结构安全。修补做法如下:\r\n1,凿除松动石子。\r\n2,对外露锈蚀氧化的钢筋进行彻底的打磨和除锈清理,使其钢筋露出金属本色,从而避免防腐及封闭处理后钢筋内部继续发生氧化。\r\n3,对板底外露钢筋的部位用环氧胶泥进行批抹等特殊处理。\r\n4,在环氧树脂内加入适当的固化剂进行调配(环氧树脂溶于二甲苯、丁醇、乙二胺溶液调配均匀),并加入一定的颜料。\r\n5,整体防腐及封闭加固处理:板底外露钢筋与整体面积同时涂刷四道环氧树脂进行防腐及加固。\r\n6,为保证环氧树脂的附着力及耐韧性,应及时涂刷调配好的环氧树脂。注意事项下:\r\n6-1)调配好的环氧树脂应在6h内用完,否则会引起固化。\r\n6-2)为保证施工质量,环氧树脂涂刷第一遍后,应间隔6h方可进行第二遍的涂刷工序,第二遍与第三遍涂刷的间隔时间应在8h以上,第三遍与第四遍的间隔时间应在12h以上,否则会影响环氧树脂的性能。\r\n6-3)环氧树脂在涂刷过程中,必须做到不起泡,无漏刷,且调配均匀合理。\r\n7,如果钢筋锈蚀严重必须请设计人员到现场看后,再做处理。\r\n8,处理后用白水泥粉白。\r\n9,钢筋锈蚀严重处应用炭纤维加固面积190平方米。","项",1,11565.6,11565.6]
[null,null,"14、二中后门跨幽芳河桥",{"$nulls":4},1638.46]
["87","补","护栏加固","1.泄水孔清理","项",1,481.9,481.9]
["88","补","积水应重新开孔","1.泄水孔清理","项",1,192.76,192.76]
["89","补","梁板、桥台脱落露筋处理","上部梁板出现混凝土脱落、露筋锈蚀现象,桥梁下部:桥台台帽出现露筋锈蚀混凝土剥落现象,修补做法如下:\r\n1,凿除松动石子。\r\n2,对外露锈蚀氧化的钢筋进行彻底的打磨和除锈清理,使其钢筋露出金属本色,从而避免防腐及封闭处理后钢筋内部继续发生氧化。\r\n3,对板底外露钢筋的部位用环氧胶泥进行批抹等特殊处理。\r\n4,在环氧树脂内加入适当的固化剂进行调配(环氧树脂溶于二甲苯、丁醇、乙二胺溶液调配均匀),并加入一定的颜料。\r\n5,整体防腐及封闭加固处理:板底外露钢筋与整体面积同时涂刷四道环氧树脂进行防腐及加固。\r\n6,为保证环氧树脂的附着力及耐韧性,应及时涂刷调配好的环氧树脂。注意事项下:\r\n6-1)调配好的环氧树脂应在6h内用完,否则会引起固化。\r\n6-2)为保证施工质量,环氧树脂涂刷第一遍后,应间隔6h方可进行第二遍的涂刷工序,第二遍与第三遍涂刷的间隔时间应在8h以上,第三遍与第四遍的间隔时间应在12h以上,否则会影响环氧树脂的性能。\r\n6-3)环氧树脂在涂刷过程中,必须做到不起泡,无漏刷,且调配均匀合理。\r\n7,如果钢筋锈蚀严重必须请设计人员到现场看后,再做处理。\r\n8,处理后用白水泥粉白。","项",1,963.8,963.8]
[null,null,"15、花园路跨淠阳湖桥(平安公司桥)",{"$nulls":4},6264.24,1319.25,187.98]
["90","补","桥梁伸缩缝清理","1、清理缝内泥沙及石子","m",30,9.64,289.2]
["91","040309007002","沥青玛蹄脂嵌缝","1.沥青玛蹄脂嵌缝\r\n2.具体详见图纸","m",30,38.67,1160.1,850.2]
["92","011602001001","伸缩缝维修","1、伸缩装置与桥梁接缝处出现碎边\r\n2、两边凿除现伸缩缝预留槽\r\n3、采用C50钢纤维混凝土浇筑\r\n4、具体详见图纸","m",30,88.15,2644.5,413.4,150.6]
["93","011602001001","伸缩缝处重铺沥青","1、伸缩装置与桥梁接缝处出现碎边\r\n2、两边凿除现伸缩缝预留槽\r\n3、采用C50钢纤维混凝土浇筑\r\n4、具体详见图纸","m2",21,48.28,1013.88,55.65,37.38]
["94","补","泄水孔清理","1.泄水孔清理","项",1,192.76,192.76]
["95","补","桥梁装饰面层重新贴饰面砖","1.桥梁装饰面层重新贴饰面砖\r\n2.符合业主要求","项",1,963.8,963.8]
[null,null,"16、霍山大道跨高庙河桥",{"$nulls":4},16641,1759,250.64]
["96","补","桥梁伸缩缝清理","1、清理缝内泥沙及石子","m",40,9.64,385.6]
["97","040309007002","沥青玛蹄脂嵌缝","1.沥青玛蹄脂嵌缝\r\n2.具体详见图纸","m",40,38.67,1546.8,1133.6]
["98","011602001001","伸缩缝维修","1、伸缩装置与桥梁接缝处出现碎边\r\n2、两边凿除现伸缩缝预留槽\r\n3、采用C50钢纤维混凝土浇筑\r\n4、具体详见图纸","m",40,88.15,3526,551.2,200.8]
["99","011602001001","伸缩缝处重铺沥青","1、伸缩装置与桥梁接缝处出现碎边\r\n2、两边凿除现伸缩缝预留槽\r\n3、采用C50钢纤维混凝土浇筑\r\n4、具体详见图纸","m2",28,48.28,1351.84,74.2,49.84]
["100","WB040307016001","原桥栏杆接长","1、桥两端有悬空\r\n2、参照现状样式接长\r\n3、现状云板改到护栏末端处\r\n4、具体详见图纸","m",12,819.23,9830.76]
[null,null,"17、淠河东路跨幽芳河桥",{"$nulls":4},17961.45,2642.32,263.17]
["101","补","桥梁伸缩缝清理","1、清理缝内泥沙及石子","m",42,9.64,404.88]
["102","040309007002","沥青玛蹄脂嵌缝","1.沥青玛蹄脂嵌缝\r\n2.具体详见图纸","m",42,38.67,1624.14,1190.28]
["103","011602001001","伸缩缝维修","1、伸缩装置与桥梁接缝处出现碎边\r\n2、两边凿除现伸缩缝预留槽\r\n3、采用C50钢纤维混凝土浇筑\r\n4、具体详见图纸","m",42,88.15,3702.3,578.76,210.84]
["104","011602001001","伸缩缝处重铺沥青","1、伸缩装置与桥梁接缝处出现碎边\r\n2、两边凿除现伸缩缝预留槽\r\n3、采用C50钢纤维混凝土浇筑\r\n4、具体详见图纸","m2",29.4,48.28,1419.43,77.91,52.33]
["105","WB040307016001","原桥栏杆接长","1、桥两端有悬空\r\n2、参照现状样式接长\r\n3、现状云板改到护栏末端处\r\n4、具体详见图纸","m",10,819.23,8192.3]
["106","补","泄水孔清理","1.泄水孔清理","项",1,192.76,192.76]
["107","WB040303047001","回填山皮石","1.回填山皮石","m3",4,251.49,1005.96,167.44]
["108","WB041111007001","预制块护坡（利用）","1.预制块护坡（利用）","m3",2,348.96,697.92,418.62]
["109","WB041111007001","预制块护坡","1.预制块护坡","m3",1,721.76,721.76,209.31]
[null,null,"18、淠河东路跨北环城河桥",{"$nulls":4},42729.53,5562.44,298.11]
["110","补","桥梁伸缩缝清理","1、清理缝内泥沙及石子","m",30,9.64,289.2]
["111","040309007002","沥青玛蹄脂嵌缝","1.沥青玛蹄脂嵌缝\r\n2.具体详见图纸","m",30,38.67,1160.1,850.2]
["112","011602001001","伸缩缝维修","1、伸缩装置与桥梁接缝处出现碎边\r\n2、两边凿除现伸缩缝预留槽\r\n3、采用C50钢纤维混凝土浇筑\r\n4、具体详见图纸","m",30,88.15,2644.5,413.4,150.6]
["113","011602001001","伸缩缝处重铺沥青","1、伸缩装置与桥梁接缝处出现碎边\r\n2、两边凿除现伸缩缝预留槽\r\n3、采用C50钢纤维混凝土浇筑\r\n4、具体详见图纸","m2",21,48.28,1013.88,55.65,37.38]
["114","WB040307016001","石材栏杆购安","1.石材栏杆购安(含基础费用)\r\n2.栏杆材料选用芝麻灰花岗岩栏杆,构件之间采用榫卯结构连且用结构胶粘接。\r\n3.栏杆斜度按路拱曲线调整。\r\n4.栏杆样式仅为示意,具体样式由甲方选定","m",35.5,867.42,30793.41]
["115","011609001001","栏杆、栏板拆除","1、原栏杆拆除","m",35.5,10.54,374.17,277.97]
["116","补","泄水孔清理","1.泄水孔清理","项",1,192.76,192.76]
["117","040303015003","混凝土挡土墙墙身","1.混凝土挡土墙墙身\r\n2.具体详见图纸","m3",21.825,106.79,2330.69,1672.01]
["118","040303015003","现浇混凝土挡土墙模板","1.复合木模板","m3",64.5,33.47,2158.82,1204.86]
["119","WB040303048003","现浇构件钢筋","1.现浇构件钢筋\r\n2.含打孔","t",1.275,1389.75,1772,1088.35,110.13]
[null,null,"19、潜台南路与淠源渠交口桥",{"$nulls":4},6421.84,1396.08]
["120","补","桥梁伸缩缝清理","1、清理缝内泥沙及石子","m",36,9.64,347.04]
["121","040309007002","沥青玛蹄脂嵌缝","1.沥青玛蹄脂嵌缝\r\n2.具体详见图纸","m",36,38.67,1392.12,1020.24]
["122","补","泄水孔清理","1.泄水孔清理","项",1,192.76,192.76]
["123","011503001001","金属栏杆","1.金属栏杆\r\n2.具体详见图纸","m",48,83,3984]
["124","011609001001","栏杆、栏板拆除","1、原栏杆拆除","m",48,10.54,505.92,375.84]
[null,null,"20、纬六路跨幽芳河桥",{"$nulls":4},3562.52,1319.44,39.4]
["125","补","桥梁伸缩缝清理","1、清理缝内泥沙及石子","m",36,9.64,347.04]
["126","040309007002","沥青玛蹄脂嵌缝","1.沥青玛蹄脂嵌缝\r\n2.具体详见图纸","m",36,38.67,1392.12,1020.24]
["127","补","泄水孔清理","1.泄水孔清理","项",1,192.76,192.76]
["128","040204002001","花岗岩人行道板","1.花岗岩人行道板","m2",10,146.41,1464.1,196.7,20.3]
["129","040204002001","花岗岩人行道板拆除","1.花岗岩人行道板拆除","m2",10,16.65,166.5,102.5,19.1]
[null,null,"21、纬七路跨淠源渠桥",{"$nulls":4},963.8]
["130","补","护栏除锈刷漆","1.护栏除锈刷漆\r\n2.符合业主要求","项",1,963.8,963.8]
[null,null,"22、文峰北路跨北环城河桥",{"$nulls":4},481.9]
["131","补","胀缝重新焊接固定","1.胀缝重新焊接固定\r\n2.符合业主要求","项",1,481.9,481.9]
[null,null,"23、文峰公园西门跨幽芳河桥",{"$nulls":4},68480.88,610.74]
["132","011609001001","栏杆、栏板拆除","1、原栏杆拆除","m",78,10.54,822.12,610.74]
["133","WB040307016001","石材栏杆新建","1.石材栏杆购安(含基础费用)\r\n2.栏杆材料选用芝麻灰花岗岩栏杆,构件之间采用榫卯结构连且用结构胶粘接。\r\n3.栏杆斜度按路拱曲线调整。\r\n4.栏杆样式仅为示意,具体样式由甲方选定","m",78,867.42,67658.76]
[null,null,"24、文峰路桥(跨淠源渠支渠)",{"$nulls":4},13313.11,183.61,2.53]
["134","011609001001","栏杆、栏板拆除","1、原栏杆拆除","m",15,10.54,158.1,117.45]
["135","WB040307016001","石材栏杆新建","1.石材栏杆购安(含基础费用)\r\n2.栏杆材料选用芝麻灰花岗岩栏杆,构件之间采用榫卯结构连且用结构胶粘接。\r\n3.栏杆斜度按路拱曲线调整。\r\n4.栏杆样式仅为示意,具体样式由甲方选定","m",15,867.42,13011.3]
["136","040303002001","混凝土基础",null,"m3",0.462,25.11,11.6,8.03]
["137","WB040303028001","基础模板",null,"m2",3.08,31.38,96.65,35.48]
["138","WB040303048001","现浇构件钢筋",null,"t",0.027,1316.76,35.46,22.65,2.53]
[null,null,"25、文庙北路跨北环城河桥",{"$nulls":4},4719.64,962.04]
["139","补","桥梁伸缩缝清理","1、清理缝内泥沙及石子","m",24,9.64,231.36]
["140","040309007002","沥青玛蹄脂嵌缝","1.沥青玛蹄脂嵌缝\r\n2.具体详见图纸","m",24,38.67,928.08,680.16]
["141","补","泄水孔清理","1.泄水孔清理","项",1,192.76,192.76]
["142","011503001001","金属栏杆","1.金属栏杆\r\n2.具体详见图纸","m",36,83,2988]
["143","011609001001","栏杆、栏板拆除","1、原栏杆拆除","m",36,10.54,379.44,281.88]
[null,null,"26、西镇路跨南环城河桥",{"$nulls":4},5486.44,1317.78]
["144","补","桥梁伸缩缝清理","1、清理缝内泥沙及石子","m",36,9.64,347.04]
["145","040309007002","沥青玛蹄脂嵌缝","1.沥青玛蹄脂嵌缝\r\n2.具体详见图纸","m",36,38.67,1392.12,1020.24]
["146","补","泄水孔清理","1.泄水孔清理","项",1,192.76,192.76]
["147","011503001001","金属栏杆","1.金属栏杆\r\n2.具体详见图纸","m",38,83,3154]
["148","011609001001","栏杆、栏板拆除","1、原栏杆拆除","m",38,10.54,400.52,297.54]
[null,null,"27、霍山县玉带路与北环城西路交口桥",{"$nulls":4},5718.12,1255.14]
["149","补","桥梁伸缩缝清理","1、清理缝内泥沙及石子","m",36,9.64,347.04]
["150","040309007002","沥青玛蹄脂嵌缝","1.沥青玛蹄脂嵌缝\r\n2.具体详见图纸","m",36,38.67,1392.12,1020.24]
["151","补","泄水孔清理","1.泄水孔清理","项",1,192.76,192.76]
["152","011503001001","金属栏杆","1.金属栏杆\r\n2.具体详见图纸","m",30,83,2490]
["153","011609001001","栏杆、栏板拆除","1、原栏杆拆除","m",30,10.54,316.2,234.9]
["154","补","梁侧面脱落露筋处理","上部梁板部分侧面存在混凝土脱落,钢筋锈蚀现象。修补做法如下:\r\n1,凿除松动石子。\r\n2,对外露锈蚀氧化的钢筋进行彻底的打磨和除锈清理,使其钢筋露出金属本色,从而避免防腐及封闭处理后钢筋内部继续发生氧化。\r\n3,对板底外露钢筋的部位用环氧胶泥进行批抹等特殊处理。\r\n4,在环氧树脂内加入适当的固化剂进行调配(环氧树脂溶于二甲苯、丁醇、乙二胺溶液调配均匀),并加入一定的颜料。\r\n5,整体防腐及封闭加固处理:板底外露钢筋与整体面积同时涂刷四道环氧树脂进行防腐及加固。\r\n6,为保证环氧树脂的附着力及耐韧性,应及时涂刷调配好的环氧树脂。注意事项下:\r\n6-1)调配好的环氧树脂应在6h内用完,否则会引起固化。\r\n6-2)为保证施工质量,环氧树脂涂刷第一遍后,应间隔6h方可进行第二遍的涂刷工序,第二遍与第三遍涂刷的间隔时间应在8h以上,第三遍与第四遍的间隔时间应在12h以上,否则会影响环氧树脂的性能。\r\n6-3)环氧树脂在涂刷过程中,必须做到不起泡,无漏刷,且调配均匀合理。\r\n7,如果钢筋锈蚀严重必须请设计人员到现场看后,再做处理。\r\n8,处理后用白水泥粉白。","项",1,980,980]
[null,null,"合    计",{"$nulls":4},"372953.37","67559.66","5174.28"]
[{"$nulls":10},"测评合格编号：2018JS-05【神机造价软件V60安徽版】"]

{"sheet":"(2)附录F措施项目清单与计价表","index":2,"n_rows":16,"n_cols":6,"rows_kept":16}
[]
[{"$nulls":3},"附录F 措施项目清单与计价表"]
[]
[]
["工程名称：城区桥梁水毁修复提升工程劳务",null,null,"                标段：",null,"第1页 共1页"]
["序号","项目编码","项目名称","计算基础","费率（%）","金额（元）"]
["1","SC-01","夜间施工增加费","72733.94","0.5",363.67]
["2","SC-02","二次搬运费","72733.94","1.2",872.81]
["3","SC-03","冬雨季施工增加费","72733.94","0.8",581.87]
["4","SC-04","已完工程及设备保护费","72733.94","0.1",72.73]
["5","SC-05","工程定位复测费","72733.94","0.9",654.61]
["6","SC-06","临时保护设施费","72733.94","0.1",72.73]
["7","SC-07","行车、行人干扰增加费","72733.94","0.2",145.47]
["8","SC-08","赶工措施费","72733.94"]
[null,null,"合计",null,null,2763.89]
[{"$nulls":5},"测评合格编号：2018JS-05【神机造价软件V60安徽版】"]

{"sheet":"(1)附录G不可竞争项目清单与计价表","index":3,"n_rows":18,"n_cols":10,"rows_kept":18}
[]
[{"$nulls":3},"附录G 不可竞争项目清单与计价表"]
[]
[]
["工程名称：城区桥梁水毁修复提升工程劳务",null,null,"                标段：",null,"第1页 共1页"]
["序号","项目编码","项目名称","计算基础","费率（%）","金额（元）"]
["1","SF-01","环境保护费","72733.94","2.76",2007.46]
["2","SF-02","文明施工费","72733.94","7.33",5331.4]
["3","SF-03","安全施工费","72733.94","5.28",3840.35]
["4","SF-04","临时设施费","72733.94","7.99",5811.44]
["5","SF-05","环境保护税","72733.94"]
[null,null,"合计",null,null,16990.65]
[{"$nulls":5},"测评合格编号：2018JS-05【神机造价软件V60安徽版】"]
[]
[]
[]
[]
[{"$nulls":9},"  "]

{"sheet":"Sheet1","index":4,"n_rows":0,"n_cols":0,"rows_kept":0}